Konkurencieschopnosť slovenského poľnohospodárstva v podmienkach globalizácie a svetovej hospodárskej krízy
Dopady a prejavy globalizácie na slovenské poľnohospodárstvo. Spoločná poľnohospodárska politika Európskej únie v sedemročnom finančnom rámci na roky 2014 až 2020. Úlohy pre zachovanie a zvýšenie konkurencieschopnosti slovenského poľnohospodárstva v období globálnej hospodárskej krízy.
Salvato in:
| Autore principale: | |
|---|---|
| Altri autori: | , |
| Natura: | Capitolo di libro |
| Lingua: | slovacco |
| Soggetti: | |
| Tags: |
Nessun Tag, puoi essere il primo ad aggiungerne!!
|
MARC
| LEADER | 00000nla$a2200000$$$4500 | ||
|---|---|---|---|
| 001 | 0147039 | ||
| 005 | 20240502072645.4 | ||
| 041 | 0 | |a slo | |
| 044 | |a SK | ||
| 245 | 1 | 0 | |a Konkurencieschopnosť slovenského poľnohospodárstva v podmienkach globalizácie a svetovej hospodárskej krízy |c Alena Tóthová, Miroslav Tóth, Martin Matušovič |
| 520 | |a Dopady a prejavy globalizácie na slovenské poľnohospodárstvo. Spoločná poľnohospodárska politika Európskej únie v sedemročnom finančnom rámci na roky 2014 až 2020. Úlohy pre zachovanie a zvýšenie konkurencieschopnosti slovenského poľnohospodárstva v období globálnej hospodárskej krízy. | ||
| 610 | 2 | 0 | |a poľnohospodárstvo |
| 610 | 2 | 0 | |a politika poľnohospodárska |
| 610 | 2 | 0 | |a výroba poľnohospodárska |
| 610 | 2 | 0 | |a služby poľnohospodárske |
| 610 | 2 | 0 | |a konkurencia |
| 610 | 2 | 0 | |a globalizácia |
| 610 | 2 | 0 | |a Európska únia |
| 610 | 2 | 0 | |a Slovensko |
| 100 | 1 | |a Tóthová, Alena, 1968- | |
| 700 | 1 | |a Tóth, Miroslav, 1961- | |
| 700 | 1 | |a Matušovič, Martin | |